Universities that U.S. Presidents Attended - Statistics

General Stats
  • This quiz has been taken 49 times
  • The average score is 9 of 24
Answer Stats
# Presidents University % Correct
5 John Adams, JQA, Theodore Roosevelt, FDR, JFK Harvard University
100%
3 William H. Taft, George H. W. Bush, George W. Bush Yale University
95%
2 James Madison, Woodrow Wilson Princeton University
81%
1 Donald Trump University of Pennsylvania
77%
1 Barack Obama Columbia University
72%
1 Herbert Hoover Stanford University
60%
1 Joe Biden University of Delaware
56%
2 Ulysses S. Grant, Dwight D. Eisenhower United States Military Academy
53%
1 Gerald Ford University of Michigan
49%
1 Bill Clinton Georgetown University
47%
2 Thomas Jefferson, John Tyler College of William & Mary
44%
1 Jimmy Carter United States Naval Academy
28%
1 James K. Polk University of North Carolina at Chapel Hill
28%
1 Benjamin Harrison Miami University
21%
1 Calvin Coolidge Amherst College
19%
1 Richard Nixon Whittier College
19%
1 Franklin Pierce Bowdoin College
16%
1 Lyndon B. Johnson Texas State University
16%
1 James A. Garfield Williams College
14%
1 Ronald Reagan Eureka College
12%
1 Chester A. Arthur Union College
12%
1 James Buchanan Dickinson College
9%
1 Rutherford B. Hayes Kenyon College
9%
1 Warren G. Harding Ohio Central College
7%
No matching quizzes found
Score Distribution
Percent of People with Each Score
Percentile by Number Answered
Your Score History
You have not taken this quiz